El gasto educativo en Córdoba 1984-1987 (Registro nro. 25622)

Detalles MARC
000 -LEADER
fixed length control field 00321 a2200109 4500
001 - CONTROL NUMBER
control field ART_30349
005 - DATE AND TIME OF LATEST TRANSACTION
control field 20260410161858.0
008 - FIXED-LENGTH DATA ELEMENTS--GENERAL INFORMATION
fixed length control field 260409a
100 1# - MAIN ENTRY--PERSONAL NAME
Personal name Barone, Sergio
245 10 - TITLE STATEMENT
Title El gasto educativo en Córdoba 1984-1987
773 0# - HOST ITEM ENTRY
Title Revista de Economía
Related parts - Nº 52 (mayo/ago. 1988)
Record control number REV11077

No hay ítems disponibles.